| 000 | 00351nam a2200145Ia 4500 | ||
|---|---|---|---|
| 008 | 150201s2001 xx 000 0 und d | ||
| 082 |
_a610 _bN01D |
||
| 100 | _aDOYLE, RITA M. | ||
| 245 | _aNURSING HARBAL MEDICINE HAND BOOK | ||
| 250 | _a1ST | ||
| 260 |
_bSPRING HAUSE _aPHILADELPHIA _c2001 |
||
| 300 | _a620 | ||
| 650 | _aMEDICINE | ||
| 942 |
_2ddc _cBK |
||
| 999 |
_c2249 _d2249 |
||